[Event "Madrid ch - Previa B"]
[Site "Madrid ESP"]
[Date "2008.11.28"]
[Round "8.15"]
[White "Prieto Garcia, David"]
[Black "De Los Rios Camacho, Juan A"]
[Result "1-0"]
[WhiteElo "1954"]
[BlackElo "1792"]
[PlyCount "77"]
[EventDate "2008.11.06"]
[EventType "swiss"]
[EventRounds "9"]
[EventCountry "ESP"]
[Source "lmi"]
[SourceDate "2008.11.06"]

1. e4 c5 2. Nf3 d6 3. d4 cxd4 4. Nxd4 Nf6 5. Nc3 a6 6. Be3 e5 7. Nf3 b5 8. a4
Bb7 9. axb5 axb5 10. Bxb5+ Nbd7 11. Bd3 Be7 12. O-O O-O 13. h3 Nc5 14. Bxc5
dxc5 15. Nxe5 Qc7 16. Nc4 Rxa1 17. Qxa1 Ra8 18. Qd1 Qc6 19. Qf3 Qe6 20. Re1 g6
21. Qf4 Nd5 22. Nxd5 Bxd5 23. Ne5 Bb7 24. Bc4 Qf6 25. Qxf6 Bxf6 26. Nxf7 Kf8
27. e5 Be7 28. Rd1 Ra4 29. Nd6 Bc6 30. Bb3 Rb4 31. Bd5 Bxd5 32. Rxd5 Rxb2 33.
Rxc5 Bd8 34. Nc8 Kf7 35. Rc6 Rb1+ 36. Kh2 Re1 37. f4 Re2 38. c4 Re4 39. Nd6+
1-0

[Event "Madrid ch - Previa B"]
[Site "Madrid ESP"]
[Date "2008.11.28"]
[Round "8.16"]
[White "Benito Aragoneses, Miguel Angel"]
[Black "Garcia Garcia, Ruben Ii"]
[Result "0-1"]
[WhiteElo "1790"]
[BlackElo "1920"]
[PlyCount "54"]
[EventDate "2008.11.06"]
[EventType "swiss"]
[EventRounds "9"]
[EventCountry "ESP"]
[Source "lmi"]
[SourceDate "2008.11.06"]

1. d4 Nf6 2. c4 c5 3. Nf3 cxd4 4. Nxd4 g6 5. Nc3 Bg7 6. e4 d6 7. h3 Nc6 8. Nf3
O-O 9. Be2 Bd7 10. O-O Rc8 11. Bg5 h6 12. Bh4 Nh5 13. Qd2 g5 14. Nxg5 hxg5 15.
Bxg5 Nf6 16. Bh6 Kh7 17. Bxg7 Kxg7 18. Qg5+ Kh8 19. Nd5 Rg8 20. Qh4+ Nh7 21. e5
dxe5 22. Ne3 e6 23. Qh5 Qg5 24. Qxf7 Nf6 25. Rad1 Nd4 26. Bg4 Rg7 27. h4 Qh6
0-1

[Event "Madrid ch - Previa B"]
[Site "Madrid ESP"]
[Date "2008.11.28"]
[Round "8.17"]
[White "Mosteiro Montoro, Alvaro"]
[Black "Morona Minguez, Irene"]
[Result "0-1"]
[WhiteElo "1832"]
[BlackElo "1743"]
[PlyCount "58"]
[EventDate "2008.11.06"]
[EventType "swiss"]
[EventRounds "9"]
[EventCountry "ESP"]
[Source "lmi"]
[SourceDate "2008.11.06"]

1. d4 d5 2. c4 e6 3. Nf3 Nf6 4. Nc3 c6 5. Bg5 Nbd7 6. c5 Be7 7. e3 Qa5 8. a3
O-O 9. b4 Qc7 10. Bd3 e5 11. dxe5 Nxe5 12. Bf4 Nfd7 13. Bf5 Bf6 14. O-O Re8 15.
Rc1 Qd8 16. Nxe5 Nxe5 17. Bxc8 Rxc8 18. Ne2 Nc4 19. Rxc4 dxc4 20. Qxd8 Rcxd8
21. Bd6 Be5 22. Bxe5 Rxe5 23. Nd4 f5 24. Rc1 f4 25. Rxc4 fxe3 26. f3 Rxd4 27.
Rxd4 e2 28. Rd8+ Kf7 29. Rd7+ Ke8 0-1

[Event "Madrid ch - Previa B"]
[Site "Madrid ESP"]
[Date "2008.11.28"]
[Round "8.18"]
[White "Benito Mellado, Humberto"]
[Black "Vicario Ramirez, Celestino"]
[Result "1-0"]
[WhiteElo "1653"]
[BlackElo "1711"]
[PlyCount "70"]
[EventDate "2008.11.06"]
[EventType "swiss"]
[EventRounds "9"]
[EventCountry "ESP"]
[Source "lmi"]
[SourceDate "2008.11.06"]

1. d4 g6 2. c4 Bg7 3. g3 Nf6 4. Bg2 d6 5. Nc3 O-O 6. e3 Nbd7 7. Nge2 Rb8 8. O-O
c5 9. Re1 a6 10. a4 Qc7 11. a5 cxd4 12. Qxd4 Ne8 13. Qh4 Ne5 14. Nd5 Qxc4 15.
Nxe7+ Kh8 16. Qxc4 Nxc4 17. Nxc8 Rxc8 18. Bxb7 Rb8 19. Bxa6 Ne5 20. Nd4 Nc7 21.
Bf1 Ne6 22. Kg2 Rfc8 23. Ra4 Nc5 24. Ra3 Nc6 25. a6 Nb4 26. a7 Ra8 27. Re2 Ncd3
28. Bd2 Bxd4 29. exd4 Kg7 30. Re3 Rc2 31. Bxd3 Rxd2 32. Be4 d5 33. Reb3 Rxd4
34. Rxb4 Rxe4 35. Rb8 Re8 1-0

[Event "Madrid ch - Previa B"]
[Site "Madrid ESP"]
[Date "2008.11.29"]
[Round "9.2"]
[White "Nieto De La Cruz, Julio"]
[Black "Castejon Caballero, Andres"]
[Result "0-1"]
[WhiteElo "2015"]
[BlackElo "2003"]
[PlyCount "82"]
[EventDate "2008.11.06"]
[EventType "swiss"]
[EventRounds "9"]
[EventCountry "ESP"]
[Source "lmi"]
[SourceDate "2008.11.06"]

1. d4 Nf6 2. c4 g6 3. Nf3 d5 4. Nc3 Bg7 5. Bg5 Ne4 6. cxd5 Nxg5 7. Nxg5 e6 8.
Qd2 h6 9. Nf3 exd5 10. e3 O-O 11. Bd3 c6 12. O-O Be6 13. b4 b6 14. Rac1 Qd6 15.
Na4 Nd7 16. Ba6 b5 17. Nc5 Nxc5 18. Rxc5 Rfb8 19. Qc1 Rb6 20. Qa3 f5 21. Rfc1
Rf8 22. Ne5 Bd7 23. f4 Bxe5 24. fxe5 Qe6 25. Rf1 Qe7 26. Rc2 g5 27. Qa5 Qe6 28.
Rc5 h5 29. a4 Rfb8 30. Ra1 Kh8 31. axb5 cxb5 32. Rc7 f4 33. exf4 gxf4 34. Rxa7
f3 35. Qa2 Rg8 36. g3 h4 37. Rf1 hxg3 38. Rxf3 Qh3 39. hxg3 Rxg3+ 40. Rxg3
Qxg3+ 41. Kf1 Bh3+ 0-1

[Event "Madrid ch - Previa B"]
[Site "Madrid ESP"]
[Date "2008.11.29"]
[Round "9.3"]
[White "Montañes Arribas, Adrian"]
[Black "Lozano Sanchez, Jose Antonio"]
[Result "1/2-1/2"]
[WhiteElo "2030"]
[BlackElo "1920"]
[PlyCount "39"]
[EventDate "2008.11.06"]
[EventType "swiss"]
[EventRounds "9"]
[EventCountry "ESP"]
[Source "lmi"]
[SourceDate "2008.11.06"]

1. e4 e5 2. Nf3 Nc6 3. Bc4 Bc5 4. c3 d6 5. d3 Bg4 6. Nbd2 Nf6 7. Nf1 h6 8. Be3
Bb6 9. Bxb6 axb6 10. Ne3 Be6 11. Bb3 O-O 12. O-O Ne7 13. h3 Qd7 14. a3 Bxb3 15.
Qxb3 Qe6 16. Qc2 Ng6 17. Nf5 Ne7 18. Ne3 Ng6 19. Nf5 Ne7 20. Ne3 1/2-1/2

[Event "Madrid ch - Previa B"]
[Site "Madrid ESP"]
[Date "2008.11.29"]
[Round "9.4"]
[White "Roman Bada, Javier"]
[Black "Peñaranda Grilo, Juan Carlos"]
[Result "1/2-1/2"]
[WhiteElo "2031"]
[BlackElo "1930"]
[PlyCount "64"]
[EventDate "2008.11.06"]
[EventType "swiss"]
[EventRounds "9"]
[EventCountry "ESP"]
[Source "lmi"]
[SourceDate "2008.11.06"]

1. e4 c6 2. d4 d5 3. e5 Bf5 4. Nf3 e6 5. Be2 c5 6. c3 Nc6 7. O-O Nge7 8. Na3
Nc8 9. Nc2 Be7 10. dxc5 Bxc5 11. Ncd4 Bg6 12. Bb5 Qc7 13. Qa4 N8e7 14. Bg5 O-O
15. Bxc6 Bxd4 16. Bxe7 Qxe7 17. cxd4 bxc6 18. Rac1 Bd3 19. Rfe1 Bb5 20. Qa5
Rab8 21. Rc5 Bc4 22. b3 Rb5 23. Rxb5 Bxb5 24. a4 Bd3 25. Qc3 Be4 26. Nd2 Bg6
27. Rc1 Rc8 28. b4 Rb8 29. Qxc6 Qxb4 30. Qc8+ Rxc8 31. Rxc8+ Qf8 32. Rxf8+ Kxf8
1/2-1/2

[Event "Madrid ch - Previa B"]
[Site "Madrid ESP"]
[Date "2008.11.29"]
[Round "9.5"]
[White "Garcia Ruiz, Ricardo"]
[Black "Sotnikov, Taras"]
[Result "1/2-1/2"]
[WhiteElo "1920"]
[BlackElo "1920"]
[PlyCount "56"]
[EventDate "2008.11.06"]
[EventType "swiss"]
[EventRounds "9"]
[EventCountry "ESP"]
[Source "lmi"]
[SourceDate "2008.11.06"]

1. e4 c6 2. d4 g6 3. c4 Bg7 4. Nc3 e6 5. Nf3 d5 6. cxd5 exd5 7. e5 Nd7 8. Bf4
f6 9. Bd3 fxe5 10. dxe5 Ne7 11. O-O Nf8 12. Qd2 Ne6 13. Bh6 Bxh6 14. Qxh6 Qb6
15. b3 Bd7 16. Na4 Qc7 17. Qh4 c5 18. Nc3 Qa5 19. Rac1 Qb4 20. Qxe7+ Kxe7 21.
Nxd5+ Kf7 22. Nxb4 cxb4 23. Bc4 Rac8 24. Rfd1 Ke7 25. Kf1 a5 26. g3 b5 27. Be2
Rc3 28. Ne1 Rhc8 1/2-1/2

[Event "Madrid ch - Previa B"]
[Site "Madrid ESP"]
[Date "2008.11.29"]
[Round "9.6"]
[White "Dominguez Carmona, Miguel"]
[Black "Cabañas Bravo, Juan Andres"]
[Result "0-1"]
[WhiteElo "2051"]
[BlackElo "2036"]
[PlyCount "86"]
[EventDate "2008.11.06"]
[EventType "swiss"]
[EventRounds "9"]
[EventCountry "ESP"]
[Source "lmi"]
[SourceDate "2008.11.06"]

1. d4 Nf6 2. c4 e5 3. dxe5 Ng4 4. Bf4 Bb4+ 5. Nc3 Bxc3+ 6. bxc3 Nc6 7. Nf3 Qe7
8. Qd5 f6 9. exf6 Nxf6 10. Qd3 d6 11. e3 Ne4 12. Nd4 Nc5 13. Qc2 Ne5 14. Be2
O-O 15. O-O Bd7 16. a4 Rae8 17. Nb5 a6 18. Nxc7 Bf5 19. Nd5 Bxc2 20. Nxe7+ Rxe7
21. a5 Bd3 22. Bxd3 Ncxd3 23. Bg3 Nxc4 24. Rfd1 Nde5 25. Rd4 Rc8 26. Ra4 Rec7
27. h3 Rc5 28. e4 Kf8 29. f4 Nf7 30. Bf2 g5 31. g3 gxf4 32. gxf4 Ke7 33. Kg2
R8c6 34. Bh4+ Kd7 35. Bf2 Nd8 36. Rd5 Rxd5 37. exd5 Rc8 38. Bd4 Nf7 39. Kf3 Nh6
40. Bf6 Ng8 41. Bg7 Ne7 42. Ke4 Nd2+ 43. Kd3 Nb3 0-1

[Event "Madrid ch - Previa B"]
[Site "Madrid ESP"]
[Date "2008.11.29"]
[Round "9.7"]
[White "Rojas Pozo, Jose Luis"]
[Black "Gonzalez Ayuso, Gonzalo"]
[Result "1-0"]
[WhiteElo "1897"]
[BlackElo "1804"]
[PlyCount "97"]
[EventDate "2008.11.06"]
[EventType "swiss"]
[EventRounds "9"]
[EventCountry "ESP"]
[Source "lmi"]
[SourceDate "2008.11.06"]

1. e4 e6 2. d4 d5 3. e5 c5 4. c3 Nc6 5. Nf3 Qb6 6. Be2 cxd4 7. cxd4 Bb4+ 8. Nc3
Nge7 9. O-O Nf5 10. Na4 Qc7 11. a3 Be7 12. b4 O-O 13. Bb2 f6 14. Rc1 Qd7 15. b5
Na5 16. Nc5 Qe8 17. Bd3 b6 18. Nb3 Nb7 19. Re1 Nh6 20. Qe2 f5 21. Rc6 g5 22.
Rec1 g4 23. Ne1 Qh5 24. Rc7 Qg5 25. R1c3 f4 26. Bc1 Qg7 27. Qc2 g3 28. fxg3
fxg3 29. Bxh7+ Qxh7 30. Qxh7+ Kxh7 31. Rxe7+ Rf7 32. Rcc7 gxh2+ 33. Kxh2 Kg6
34. Nf3 Rxe7 35. Rxe7 Nf5 36. Re8 Kf7 37. Rh8 Kg7 38. Rh3 Bd7 39. g4 Ne7 40.
Bh6+ Kg6 41. a4 Rh8 42. g5 Nf5 43. Nh4+ Nxh4 44. Rxh4 Nd8 45. Rf4 Rh7 46. Rf6+
Kh5 47. g6 Kxh6 48. gxh7+ Kxh7 49. Rf8 1-0

[Event "Madrid ch - Previa B"]
[Site "Madrid ESP"]
[Date "2008.11.29"]
[Round "9.8"]
[White "Valderrama Arroyo, Victor"]
[Black "Merino Araguas, Jose Javier"]
[Result "1/2-1/2"]
[WhiteElo "1914"]
[BlackElo "1879"]
[PlyCount "87"]
[EventDate "2008.11.06"]
[EventType "swiss"]
[EventRounds "9"]
[EventCountry "ESP"]
[Source "lmi"]
[SourceDate "2008.11.06"]

1. d4 Nf6 2. c4 g6 3. Nf3 Bg7 4. Nc3 d6 5. e4 O-O 6. Be3 Ng4 7. Bg5 f6 8. Bh4
h5 9. h3 Nh6 10. Bd3 c6 11. Qc2 Qa5 12. Bg3 e5 13. Qb3 Qb6 14. Qxb6 axb6 15.
O-O Be6 16. d5 Bf7 17. Bc2 Na6 18. a3 Nc7 19. Ba4 c5 20. Bc2 Be8 21. b4 Nf7 22.
b5 Rd8 23. a4 Ra8 24. h4 Bh6 25. Nh2 Bf4 26. Ne2 g5 27. hxg5 fxg5 28. Bxf4 gxf4
29. Nf3 Bd7 30. Kh1 Nh6 31. Neg1 Bg4 32. Nh4 Kh7 33. f3 Bd7 34. Nh3 Rg8 35. Nf5
Rg6 36. Rg1 Rf8 37. Nh4 Rg3 38. Kh2 Rfg8 39. a5 Bxh3 40. gxh3 Rxg1 41. Rxg1
Rxg1 42. Kxg1 bxa5 43. Ng2 b6 44. h4 1/2-1/2

[Event "Madrid ch - Previa B"]
[Site "Madrid ESP"]
[Date "2008.11.29"]
[Round "9.9"]
[White "De Armentia Roldan, Benigno"]
[Black "Avendaño Mateos, Jose"]
[Result "1-0"]
[WhiteElo "1870"]
[BlackElo "1894"]
[PlyCount "125"]
[EventDate "2008.11.06"]
[EventType "swiss"]
[EventRounds "9"]
[EventCountry "ESP"]
[Source "lmi"]
[SourceDate "2008.11.06"]

1. d4 d5 2. Nf3 c6 3. g3 Nf6 4. Bg2 g6 5. O-O Bg7 6. c4 O-O 7. Nc3 Bf5 8. Qb3
Qb6 9. c5 Qxb3 10. axb3 Na6 11. Bf4 Nh5 12. Bg5 Rfe8 13. h3 Be4 14. g4 Nf6 15.
Nxe4 Nxe4 16. Bf4 g5 17. Bh2 h6 18. Ne5 Bxe5 19. Bxe5 Nf6 20. Ra4 Nd7 21. Bg3
e5 22. e3 exd4 23. exd4 Re2 24. Rb1 Rae8 25. Bf1 Re1 26. Rxe1 Rxe1 27. Kg2 Rb1
28. Bxa6 bxa6 29. Rxa6 Rxb2 30. Rxa7 Nf8 31. Rc7 Rxb3 32. Rxc6 Ne6 33. Rc8+ Kg7
34. Re8 Rc3 35. Be5+ Kg6 36. Rg8+ Kh7 37. Re8 Rc4 38. Re7 Kg6 39. Rd7 Nxd4 40.
Rxd5 Ne6 41. Bd6 Rc3 42. Rf5 h5 43. Be5 Rxc5 44. Rf6+ Kh7 45. Rxf7+ Kg8 46. Rf5
hxg4 47. hxg4 Rb5 48. Bf6 Rxf5 49. gxf5 Nc5 50. Bxg5 Kf7 51. Kh3 Ne4 52. Be3
Kf6 53. Kg4 Nd6 54. Bd4+ Kf7 55. Kf4 Ne8 56. Be5 Nf6 57. Bxf6 Kxf6 58. Kg4 Kf7
59. Kg5 Kg7 60. f6+ Kf7 61. Kf5 Kf8 62. Kg6 Kg8 63. f7+ 1-0

[Event "Madrid ch - Previa B"]
[Site "Madrid ESP"]
[Date "2008.11.29"]
[Round "9.10"]
[White "Marcos Herrero, Francisco"]
[Black "Adan Bonilla, Carlos"]
[Result "1-0"]
[WhiteElo "1854"]
[BlackElo "1813"]
[PlyCount "105"]
[EventDate "2008.11.06"]
[EventType "swiss"]
[EventRounds "9"]
[EventCountry "ESP"]
[Source "lmi"]
[SourceDate "2008.11.06"]

1. e4 c6 2. d4 d5 3. exd5 cxd5 4. c4 Nf6 5. Nc3 Bf5 6. Nf3 e6 7. Qb3 b6 8. cxd5
Be7 9. Bb5+ Nbd7 10. dxe6 Bxe6 11. d5 Bf5 12. O-O O-O 13. Nd4 Nc5 14. Qd1 Bg4
15. f3 Bd7 16. Bc6 Rc8 17. Bf4 Nh5 18. Be3 g6 19. Ne4 Nxe4 20. fxe4 Bc5 21.
Bxd7 Qxd7 22. Qf3 Rfe8 23. Rae1 Rc7 24. Nc6 Bf8 25. g4 Ng7 26. Bf4 Rcc8 27. Kh1
Bc5 28. Ne5 Qe7 29. Nd3 Qd7 30. Nxc5 Rxc5 31. Bh6 Re7 32. Bg5 Re5 33. Bf6 Re8
34. Bd4 f5 35. Bxc5 bxc5 36. gxf5 gxf5 37. Rg1 fxe4 38. Rxe4 Rf8 39. Qd3 Qf5
40. Re3 Qf6 41. Reg3 Rf7 42. Qe4 Kf8 43. d6 Qxd6 44. Qa8+ Ke7 45. Rxg7 Qf6 46.
Qb7+ Kd6 47. Rd1+ Ke5 48. Rxf7 Qh4 49. Re7+ Kf5 50. Rf1+ Kg5 51. Qd5+ Kg6 52.
Rg1+ Kf6 53. Qe5# 1-0

[Event "Madrid ch - Previa B"]
[Site "Madrid ESP"]
[Date "2008.11.29"]
[Round "9.11"]
[White "Montes Rubio, Miguel"]
[Black "Prieto Garcia, David"]
[Result "0-1"]
[WhiteElo "1698"]
[BlackElo "1954"]
[PlyCount "44"]
[EventDate "2008.11.06"]
[EventType "swiss"]
[EventRounds "9"]
[EventCountry "ESP"]
[Source "lmi"]
[SourceDate "2008.11.06"]

1. d4 Nf6 2. c4 g6 3. Nc3 d5 4. e3 Bg7 5. Nf3 O-O 6. Bd2 c6 7. cxd5 cxd5 8. Bd3
Nc6 9. a3 Bg4 10. h3 Bxf3 11. Qxf3 e5 12. dxe5 Nxe5 13. Qe2 d4 14. exd4 Qxd4
15. Bc2 Nc4 16. O-O-O Nd5 17. Bb3 Rac8 18. Be1 Qf4+ 19. Bd2 Nxc3 20. bxc3 Nxd2
21. Qxd2 Rxc3+ 22. Kb2 Rd3+ 0-1

[Event "Madrid ch - Previa B"]
[Site "Madrid ESP"]
[Date "2008.11.29"]
[Round "9.12"]
[White "Garcia Garcia, Ruben Ii"]
[Black "Morona Minguez, Irene"]
[Result "1/2-1/2"]
[WhiteElo "1920"]
[BlackElo "1743"]
[PlyCount "57"]
[EventDate "2008.11.06"]
[EventType "swiss"]
[EventRounds "9"]
[EventCountry "ESP"]
[Source "lmi"]
[SourceDate "2008.11.06"]

1. e4 c5 2. Nf3 e6 3. d4 cxd4 4. Nxd4 Nc6 5. Nb5 d6 6. Bf4 e5 7. Be3 Nf6 8.
N5c3 Be6 9. Bg5 Qb6 10. b3 O-O-O 11. Bxf6 gxf6 12. Nd5 Qa5+ 13. Qd2 Qxd2+ 14.
Kxd2 Bh6+ 15. Kd1 f5 16. f3 fxe4 17. fxe4 f5 18. Bd3 f4 19. Be2 Bxd5 20. exd5
Nd4 21. Bg4+ Kb8 22. c3 Nb5 23. a4 Nc7 24. Bf3 Ne8 25. Nd2 Nf6 26. c4 Rhe8 27.
Ne4 Bg7 28. Nxf6 Bxf6 29. Be4 1/2-1/2

[Event "Madrid ch - Previa B"]
[Site "Madrid ESP"]
[Date "2008.11.29"]
[Round "9.13"]
[White "Escoredo Garcia, Jesus"]
[Black "Ortiz Berruguete, Adrian"]
[Result "1-0"]
[WhiteElo "1906"]
[BlackElo "1637"]
[PlyCount "89"]
[EventDate "2008.11.06"]
[EventType "swiss"]
[EventRounds "9"]
[EventCountry "ESP"]
[Source "lmi"]
[SourceDate "2008.11.06"]

1. d4 Nf6 2. c4 e6 3. Nc3 c5 4. d5 d6 5. Nf3 e5 6. e4 Nbd7 7. Be2 Be7 8. O-O
Nb6 9. b3 O-O 10. Bb2 Bg4 11. Ng5 Bxe2 12. Qxe2 Nfxd5 13. Nxd5 Nxd5 14. Nh3 Nf6
15. Rad1 Qc7 16. Rd3 Rad8 17. Rg3 Qc6 18. Re1 Rfe8 19. Bc1 Qd7 20. Bh6 Bf8 21.
Qf3 Qe7 22. Bg5 Kh8 23. Bh4 h6 24. Re3 Qe6 25. Bxf6 Qxf6 26. Qh5 g6 27. Qe2 Kg8
28. Rg4 Rd7 29. Reg3 h5 30. Rg5 Bg7 31. Rf3 Qd8 32. Rgg3 Re6 33. Qd2 Rf6 34.
Rd3 Qb6 35. Rd5 Qc6 36. Kh1 b6 37. Ng1 Kh7 38. Nf3 Bh6 39. Qd1 Re6 40. Rh3 Kg7
41. Nh4 Kf8 42. Rhd3 Bg7 43. Nf3 Ke7 44. Qd2 Rf6 45. Nxe5 1-0

[Event "Madrid ch - Previa B"]
[Site "Madrid ESP"]
[Date "2008.11.29"]
[Round "9.14"]
[White "Benito Mellado, Humberto"]
[Black "Sanchez Rodajo, Pedro L"]
[Result "1/2-1/2"]
[WhiteElo "1653"]
[BlackElo "1750"]
[PlyCount "170"]
[EventDate "2008.11.06"]
[EventType "swiss"]
[EventRounds "9"]
[EventCountry "ESP"]
[Source "lmi"]
[SourceDate "2008.11.06"]

1. d4 d5 2. c4 e6 3. Nc3 Nf6 4. Nf3 Be7 5. e3 Nc6 6. cxd5 exd5 7. Bb5 O-O 8.
O-O Ne4 9. Nd2 f5 10. f3 Nd6 11. Ba4 Be6 12. Bb3 Ne8 13. Ne2 Nf6 14. e4 f4 15.
e5 Nd7 16. Bc2 Nb4 17. Bb1 c5 18. a3 Nc6 19. dxc5 Bxc5+ 20. Kh1 Bb6 21. Nb3 Qh4
22. Qe1 Qg5 23. Nxf4 Qe7 24. Nxe6 Qxe6 25. Qh4 g6 26. Bh6 Rf7 27. f4 Ndxe5 28.
Qe1 Re8 29. fxe5 Qxe5 30. Bd3 Rxf1+ 31. Qxf1 Bc7 32. g3 d4 33. Bf4 Qd5+ 34. Kg1
Bxf4 35. gxf4 Kg7 36. Bc4 Qf5 37. Bd3 Qg4+ 38. Kh1 Rf8 39. Qg2 Qxf4 40. Rf1 Qe3
41. Rxf8 Kxf8 42. Qf1+ Kg7 43. Nc5 b6 44. Ne4 Kh6 45. Qf8+ Kh5 46. Be2+ Kh4 47.
Qf6+ Kh3 48. Ng5+ Kh4 49. Nxh7+ Kh3 50. Ng5+ Kh4 51. Nf3+ Kg4 52. Qg5+ Qxg5 53.
Nxg5+ Kxg5 54. Kg2 Kf4 55. Kf2 Ne5 56. b4 Ng4+ 57. Kg2 Ne3+ 58. Kf2 Nc2 59. Bd3
Nxa3 60. Bxg6 Nc4 61. h4 Ne5 62. Be8 a5 63. bxa5 bxa5 64. h5 Kg5 65. Ke2 a4 66.
Bxa4 Kxh5 67. Bc2 Kg4 68. Kf2 Kf4 69. Ke2 Kg3 70. Ke1 Kf3 71. Kd2 Kf2 72. Bh7
Kf3 73. Bb1 Kf4 74. Bh7 Nf3+ 75. Ke2 Ng5 76. Bb1 Ke5 77. Kd3 Ne4 78. Bc2 Nc5+
79. Kc4 Ne4 80. Kd3 Nf6 81. Bb1 Nd5 82. Kc4 Nb6+ 83. Kd3 Na4 84. Bc2 Nc3 85.
Kc4 Nd5 1/2-1/2

[Event "Madrid ch - Previa B"]
[Site "Madrid ESP"]
[Date "2008.11.29"]
[Round "9.16"]
[White "De Los Rios Camacho, Juan A"]
[Black "Vicario Ramirez, Celestino"]
[Result "1-0"]
[WhiteElo "1792"]
[BlackElo "1711"]
[PlyCount "75"]
[EventDate "2008.11.06"]
[EventType "swiss"]
[EventRounds "9"]
[EventCountry "ESP"]
[Source "lmi"]
[SourceDate "2008.11.06"]

1. e4 g6 2. d4 Bg7 3. Be3 d6 4. Bc4 c6 5. Nf3 d5 6. exd5 cxd5 7. Bb5+ Nc6 8.
Ne5 Bd7 9. Nxd7 Qxd7 10. Qd2 a6 11. Be2 Nf6 12. Nc3 O-O 13. Bh6 Bxh6 14. Qxh6
Nxd4 15. Bd3 Rac8 16. f3 Qe6+ 17. Kd2 Nf5 18. Qg5 h6 19. Bxf5 Qxf5 20. Qxf5
gxf5 21. g4 f4 22. Rae1 e6 23. g5 hxg5 24. Rhg1 Nh7 25. h4 Rc6 26. hxg5 Kg7 27.
Rg4 Kg6 28. Re5 f5 29. gxf6+ Kxf6 30. Rh5 Rf7 31. Rxf4+ Kg6 32. Rxf7 Kxf7 33.
Rxh7+ Kf6 34. Rxb7 Kf5 35. Ne2 e5 36. f4 d4 37. fxe5 Kxe5 38. Rd7 1-0

[Event "Madrid ch - Previa B"]
[Site "Madrid ESP"]
[Date "2008.11.29"]
[Round "9.17"]
[White "Mosteiro Montoro, Alvaro"]
[Black "Vazquez Moreno, Luis"]
[Result "1-0"]
[WhiteElo "1832"]
[BlackElo "1743"]
[PlyCount "49"]
[EventDate "2008.11.06"]
[EventType "swiss"]
[EventRounds "9"]
[EventCountry "ESP"]
[Source "lmi"]
[SourceDate "2008.11.06"]

1. d4 Nf6 2. c4 e5 3. dxe5 Ne4 4. a3 Nc6 5. Nf3 d6 6. exd6 Bxd6 7. e3 O-O 8.
Be2 a5 9. Nbd2 Nc5 10. O-O Qf6 11. Rb1 Bf5 12. b4 Bxb1 13. bxc5 Bxc5 14. Nxb1
Rfd8 15. Qc2 Bd6 16. Bb2 Qh6 17. Nbd2 Re8 18. Ne4 Be7 19. Bd3 f5 20. Ng3 g6 21.
c5 f4 22. exf4 Qxf4 23. Bxg6 Bf6 24. Bxh7+ Kh8 25. Nh5 1-0